=LDR 00000nam 2200000 4500 =001 INLIS000000000014645 =005 20130612105926 =008 ***********************************Ind** =035 ##$$0010-061300000014645 =041 ##$$a Ind =082 ##$$a 653 =090 ##$$a 653, Mar m =100 ##$$a Martono, E =245 ##$$a Mahir steno bahasa Inggris, Sistem kerundeng melalui modul , E. Martono =260 ##$$a 1983 $b Jakarta =300 ##$$a 215 hlm, Ilus, 21 cm =650 ##$$a Stenografi =850 ##$$a NBPNMAT